<?xml version="1.0" encoding="UTF-8"?>
<record
    xmlns:xsi="http://www.w3.org/2001/XMLSchema-instance"
    xsi:schemaLocation="http://www.loc.gov/MARC21/slim http://www.loc.gov/standards/marcxml/schema/MARC21slim.xsd"
    xmlns="http://www.loc.gov/MARC21/slim">

  <leader>00807nam a22002057a 4500</leader>
  <controlfield tag="005">2010080905245.0</controlfield>
  <datafield tag="010" ind1=" " ind2=" ">
    <subfield code="a">ENG-99021</subfield>
  </datafield>
  <datafield tag="020" ind1=" " ind2=" ">
    <subfield code="a">8189835076</subfield>
    <subfield code="c">120.00</subfield>
  </datafield>
  <datafield tag="020" ind1=" " ind2=" ">
    <subfield code="a">9788189835071</subfield>
    <subfield code="c">120.00</subfield>
  </datafield>
  <datafield tag="035" ind1=" " ind2=" ">
    <subfield code="a">EN-82553</subfield>
  </datafield>
  <datafield tag="037" ind1=" " ind2=" ">
    <subfield code="b">DBAD/PUB</subfield>
  </datafield>
  <datafield tag="082" ind1=" " ind2=" ">
    <subfield code="a">230.37</subfield>
  </datafield>
  <datafield tag="100" ind1=" " ind2=" ">
    <subfield code="a">Sushil Kumarji Maharaj</subfield>
    <subfield code="9">9779</subfield>
  </datafield>
  <datafield tag="245" ind1=" " ind2=" ">
    <subfield code="a">Song of the soul : </subfield>
    <subfield code="b">an introduction to the Namokar Mantra and science of sound /</subfield>
    <subfield code="c">By Sushil Kumarji Maharaj</subfield>
  </datafield>
  <datafield tag="260" ind1=" " ind2=" ">
    <subfield code="a">New Delhi</subfield>
    <subfield code="b">Acharya Sushil Ashram </subfield>
    <subfield code="c">2007</subfield>
  </datafield>
  <datafield tag="270" ind1=" " ind2=" ">
    <subfield code="a">C-599, Chetna Marg Defence Colony </subfield>
    <subfield code="b">New Delhi</subfield>
    <subfield code="e">110024</subfield>
  </datafield>
  <datafield tag="300" ind1=" " ind2=" ">
    <subfield code="a">94p. :</subfield>
    <subfield code="b">ill.</subfield>
    <subfield code="c">21cm (pbk)</subfield>
  </datafield>
  <datafield tag="942" ind1=" " ind2=" ">
    <subfield code="2">ddc</subfield>
    <subfield code="c">EN</subfield>
    <subfield code="h">230.37</subfield>
    <subfield code="m">SUS</subfield>
  </datafield>
  <datafield tag="999" ind1=" " ind2=" ">
    <subfield code="c">40220</subfield>
    <subfield code="d">40220</subfield>
  </datafield>
  <datafield tag="952" ind1=" " ind2=" ">
    <subfield code="0">0</subfield>
    <subfield code="1">0</subfield>
    <subfield code="4">0</subfield>
    <subfield code="7">1</subfield>
    <subfield code="8">NFIC</subfield>
    <subfield code="a">DBAD</subfield>
    <subfield code="b">DBAD</subfield>
    <subfield code="d">2010-08-09</subfield>
    <subfield code="e">DBAD/PUB</subfield>
    <subfield code="g">120.00</subfield>
    <subfield code="l">0</subfield>
    <subfield code="o">230.37 SUS</subfield>
    <subfield code="p">EN-82553</subfield>
    <subfield code="r">2010-08-09 00:00:00</subfield>
    <subfield code="t">1</subfield>
    <subfield code="v">120.00</subfield>
    <subfield code="y">EN</subfield>
  </datafield>
</record>
